000 00564nam a2200181 a 4500
005 20140310183210.0
008 030423s19uu xx 00 eng d
020 _a086664038
050 _aRC 660
_b.D687 1981
100 _aDonsbach, Kurt
245 _aDr. Donsbach tells you what you always wanted to know about Diabetes /
_cKurt W. Donsbach.
260 _c1981.
_aHuntington Beach :
_bThe international Institute of natural health sciences,
300 _a49 p. :
_c21 cm.
521 _aNUR
650 _aDiabetes.
942 _cBK
_2lcc
_kFOR
999 _c20100
_d20100